|
|
|
|
| LEADER |
00698cam a2200229ua 4500 |
| 008 |
090331t2008||||||||||| 001 ||eng c |
| 020 |
|
|
|a 81-81-282828
|
| 041 |
0 |
|
|a eng
|
| 082 |
|
|
|a 003
|b KAS/1
|
| 100 |
|
|
|a Kasana, H.S.,
|
| 245 |
0 |
0 |
|a Introductory operations research: theory and applications /
|
| 260 |
|
|
|a Berlin:
|b Springer,
|c 2008.
|
| 300 |
|
|
|a xi, 581p..
|
| 362 |
1 |
|
|a 2008.
|
| 365 |
|
|
|a Rs.295/-
|e pb
|
| 500 |
|
|
|a Includesindex.
|
| 650 |
|
|
|a Operations research
|
| 650 |
0 |
|
|a Management
|
| 700 |
0 |
2 |
|a K.D.Kumar
|
| 942 |
|
|
|c BK
|
| 999 |
|
|
|c 20396
|d 20396
|
| 952 |
|
|
|0 0
|1 0
|4 0
|6 003_000000000000000_KAS
|7 0
|9 21506
|a KUCL
|b KUCL
|d 2014-05-23
|l 3
|m 2
|o 003 KAS/
|p 20867
|r 2017-01-21
|s 2016-12-23
|w 2014-05-23
|y BK
|